000 00786nam a2200241 a 4500
001 20642
003 BD-RjUL
005 20211209000607.0
008 140301s1966 nyu b 001 1 eng d
035 _a(BD-RjUL)20704
_a(OCoLC)269706
040 _aLC
_beng
_cLC
_dBD-RjUL
041 _aeng
082 0 4 _a821.09
_bMAP 1966
100 1 _aMartz, Louis Lohr.
_960520
245 1 4 _aThe poem of the mind :
_bessays on poetry/English and American /
_cLouis L. Martz
260 _aNew York :
_bOxford University Press,
_c1966.
300 _axiii, 231 p. ;
_c21 cm.
504 _aIncludes bibliographical references and index.
650 0 _aEnglish poetry
_xHistory and criticism
_954587
650 0 _aAmerican poetry
_xHistory and criticism
_963697
942 _2ddc
_cBK
999 _c20642
_d20642